Ψυχολογία

Αποθηκεύτηκε σε:
Λεπτομέρειες βιβλιογραφικής εγγραφής
Κύριος συγγραφέας: Παπαδόπουλος, Νίκος Γ.
Άλλοι συγγραφείς: Ζάχος, Δημήτρης Η.
Μορφή: Βιβλίο
Γλώσσα:Greek
Δημοσίευση: Αθήνα : Κέντρο Ψυχολογικών Μελετών , 1985
Έκδοση:4η εκδ.
Θέματα:
Ετικέτες: Προσθήκη ετικέτας
Δεν υπάρχουν, Καταχωρήστε ετικέτα πρώτοι!

MARC

LEADER 00000cam a2200000 i 4500
001 1/71755
008 960319s1985 gr | ||| |||| ||gre||
035 |a 1992  |b 2  |c Δωρεά  |l 10031044 
040 |a GR-MY-UA  |b gre  |e aacr 
041 0 |a gre 
082 0 |a 150 
100 1 |a Παπαδόπουλος, Νίκος Γ. 
245 1 0 |a Ψυχολογία /  |c Ν.Γ.Παπαδόπουλος, Δημ. Η. Ζάχος 
250 |a 4η εκδ. 
260 |a Αθήνα :   |b Κέντρο Ψυχολογικών Μελετών ,   |c 1985 
300 |a 391 σ. 
650 0 0 |a Developmental psychology. 
650 0 0 |a Social psychology. 
650 0 0 |a Psychology. 
700 1 |a Ζάχος, Δημήτρης Η. 
852 |a INST  |b RHODES  |e 19960319  |h 150 ΠΑΠ  |p 005400004844  |q 005400004844  |t BK  |y 0 
909 |a Ρ  |b 022129  |c 1992